000 00804nam a2200229 a 4500
001 BRCA_1152
005 20190320203314.0
008 010109s2000 mx-a---##b---#000-0#spa-#
020 _a9687009950
040 _aDLC
_cDLC
050 4 _aN7914
_b.P37 2000
245 1 0 _aParábola novohispana
_bcristo en el arte virreinal
_cElisa Vargaslugo ... [et al.].
260 _aMéxico
_bFomento Cultural Banamex
_c2000
300 _a220 p.
_bil. a color
_c33 cm.
500 _aCatálogo de la exposición relizada en el Palacio de Iturbide (Ciudad de México), julio - noviembre, 2000
504 _aBibliografía: p. 207-209
600 1 4 _aJesucristo en el arte
_93802
650 1 4 _aArte mexicano
_92321
650 1 4 _aArte colonial
_zMéxico
_93803
700 1 _aVargaslugo de Bosch, Elisa
_93804
942 _2lcc
_cB
999 _c1029
_d1029